00441nam a2200157Ia 45000010006000000050017000060080041000230410008000640820017000721000037000892450100001262600009002263000032002356500008002676540008002751321220260306163037.0260306t2015||||xx |||||||||||||| ||spa|| aESP a001.42bC12A aCaballero Romero, AlejandroeAUT 0aMetodología integral innovadora para planes y tesis:bla metodología del cómo formularlos c2015 ali, 473 páginas :c23 cm. aGEN aCHU